00245nam a2200085Ia 4500008004100000100001900041245004200060260004800102260000900150170620s9999 xx 000 0 und d aChauhan- S. S. 0aPrinciples and Techniques of Guidance bNew Delhi- Vikas Publishing House Pvt. Ltd. c2002